|
|
|
|
| LEADER |
00000nab a2200000uu 4500 |
| 001 |
vtls010878293 |
| 005 |
20260504103509.0 |
| 008 |
230303|2012 xo |||||||||||||||||eng| |
| 015 |
|
|
|a SNBRB
|
| 035 |
|
|
|a (urnnbn)urn:nbn:sk:snk:ar-005uzc
|
| 035 |
|
|
|a (uuid)340b77fa-a90f-4c32-b3e7-c282cec95980
|
| 035 |
|
|
|a urn:nbn:sk:snk-ab7mij
|
| 040 |
|
|
|a SNKBUCL
|b slo
|c SNKBUCL
|e AACR2
|
| 041 |
0 |
|
|a eng
|
| 044 |
|
|
|a xo
|c SK
|
| 080 |
|
|
|a 635.41
|2 2001
|
| 080 |
|
|
|a 581.132
|2 2001
|
| 080 |
|
|
|a 581.174
|2 2001
|
| 100 |
1 |
|
|a Šeršeň, František,
|d 1944-
|4 aut
|9 219549
|
| 245 |
1 |
0 |
|a Photosynthesis-inhibiting effects of 2-benzylsulphanylbenzimidazoles in spinach chloroplasts
|c František Šeršeň, Karel Waisser, Katarína Kráľova, Matúš Peško, Věra Klimešová
|
| 504 |
|
|
|a Bibliogr. odkazy
|
| 650 |
0 |
7 |
|a špenát
|2 SNKPH
|9 2723
|
| 650 |
0 |
7 |
|a fotosyntéza
|2 SNKPH
|9 14447
|
| 650 |
0 |
7 |
|a chloroplasty
|2 SNKPH
|9 16288
|
| 655 |
|
7 |
|a štúdie
|2 SNKPH
|9 57033
|
| 700 |
1 |
|
|a Waisser, Karel
|4 aut
|9 786813
|
| 700 |
1 |
|
|a Kráľová, Katarína,
|d 1944-
|4 aut
|9 220290
|
| 700 |
1 |
|
|a Klimešová, Věra
|4 aut
|9 288689
|
| 700 |
1 |
|
|a Peško, Matúš,
|d 1983-
|4 aut
|9 1638086
|
| 773 |
0 |
|
|t Chemical papers
|g Roč. 66, č. 8 (2012), s. [795]-799
|
| 958 |
|
|
|a NB
|
| 958 |
|
|
|a OND
|
| 958 |
|
|
|a EUIPO
|
| 958 |
|
|
|a article8
|
| 999 |
|
|
|c 2059669
|d 2061599
|